<?xml version="1.0" encoding="UTF-8"?>
<record
    xmlns:xsi="http://www.w3.org/2001/XMLSchema-instance"
    xsi:schemaLocation="http://www.loc.gov/MARC21/slim http://www.loc.gov/standards/marcxml/schema/MARC21slim.xsd"
    xmlns="http://www.loc.gov/MARC21/slim">

  <leader>00699nam a22002417a 4500</leader>
  <datafield tag="952" ind1=" " ind2=" ">
    <subfield code="a">0001</subfield>
    <subfield code="b">0001</subfield>
    <subfield code="d">2019-07-25</subfield>
    <subfield code="l">0</subfield>
    <subfield code="o">923.173 Obama,B. &#xD6;94o 2009</subfield>
    <subfield code="p">011988</subfield>
    <subfield code="r">2019-07-25 00:00:00</subfield>
    <subfield code="w">2019-07-25</subfield>
    <subfield code="y">BKS</subfield>
  </datafield>
  <datafield tag="999" ind1=" " ind2=" ">
    <subfield code="c">13435</subfield>
    <subfield code="d">13435</subfield>
  </datafield>
  <controlfield tag="001">18053</controlfield>
  <controlfield tag="003">MIRAKIL</controlfield>
  <controlfield tag="005">20190725161225.0</controlfield>
  <controlfield tag="008">190725b        tu ||||| |||| 00| 0 tur d</controlfield>
  <datafield tag="020" ind1=" " ind2=" ">
    <subfield code="a">9786055755072</subfield>
  </datafield>
  <datafield tag="040" ind1=" " ind2=" ">
    <subfield code="a">TR-AnCHP</subfield>
    <subfield code="b">tur</subfield>
    <subfield code="c">TR-AnCHP</subfield>
  </datafield>
  <datafield tag="041" ind1=" " ind2=" ">
    <subfield code="a">tur</subfield>
  </datafield>
  <datafield tag="082" ind1=" " ind2=" ">
    <subfield code="a">923.173 Obama,B.</subfield>
    <subfield code="b">&#xD6;94o 2009</subfield>
  </datafield>
  <datafield tag="100" ind1=" " ind2=" ">
    <subfield code="a">&#xD6;zkan, Necati</subfield>
  </datafield>
  <datafield tag="245" ind1=" " ind2=" ">
    <subfield code="a">Obama'n&#x131;n liderlik s&#x131;rlar&#x131; /</subfield>
    <subfield code="c">Necati &#xD6;zkan.</subfield>
  </datafield>
  <datafield tag="250" ind1=" " ind2=" ">
    <subfield code="a">3. bs.</subfield>
  </datafield>
  <datafield tag="260" ind1=" " ind2=" ">
    <subfield code="a">&#x130;stanbul:</subfield>
    <subfield code="b">Mediacat kitaplar&#x131;,</subfield>
    <subfield code="c">2009.</subfield>
    <subfield code="f">Pasifik ofset.</subfield>
  </datafield>
  <datafield tag="300" ind1=" " ind2=" ">
    <subfield code="a">184 s.:</subfield>
    <subfield code="b">fotg.;</subfield>
    <subfield code="c">20 sm.</subfield>
  </datafield>
  <datafield tag="504" ind1=" " ind2=" ">
    <subfield code="a">Kaynak&#xE7;a vard&#x131;r.</subfield>
  </datafield>
  <datafield tag="600" ind1=" " ind2=" ">
    <subfield code="a">Obama, Barack</subfield>
    <subfield code="x">Siyasal ya&#x15F;am</subfield>
    <subfield code="z">ABD</subfield>
  </datafield>
  <datafield tag="650" ind1=" " ind2=" ">
    <subfield code="a">Devlet ba&#x15F;kanlar&#x131;</subfield>
    <subfield code="x">Tarih</subfield>
    <subfield code="z">ABD</subfield>
  </datafield>
  <datafield tag="942" ind1=" " ind2=" ">
    <subfield code="2">ddc</subfield>
    <subfield code="c">BKS</subfield>
  </datafield>
</record>
